Statistiche per Riconosci lo Stato - Quiz n°108

Clicka qui per fare il quiz!

Statistiche generali

  • Questo quiz è stato fatto 6 volte
  • Il punteggio medio è 11 su 12

Statistiche sulle risposte

IndizioRisposta% Corretto
Superficie1.246.700 km²
100%
Indipendenzadal Portogallo,
11 novembre 1975
100%
Presidente della RepubblicaJoão Lourenço
100%
Iniziale della CapitaleL
100%
ISU0,586
83%
PIL (nominale)115 209 milioni di $
83%
Tasso di crescita2,784%
83%
Popolazione29.443.059 ab.
83%
RispostaAngola
83%
ValutaKwanza
83%
Forma di GovernoRepubblica presidenziale
83%
Fuso OrarioUTC+1
83%

Distribuzione punteggi

Percentile per numero di risposta

Percentuale di utenti per punteggio

I tuoi punteggi nel tempo

Non hai fatto questo quiz